Enemies of European Countries - Statistics

General Stats
  • This quiz has been taken 432 times
  • The average score is 28 of 43
Answer Stats
Country Enemy % Correct
Albania Serbia
91%
Armenia Azerbaijan
88%
Azerbaijan Armenia
83%
Finland Russia
83%
Ireland United Kingdom
83%
Estonia Russia
81%
Georgia Russia
81%
Germany Russia
81%
Bosnia and Herzegovina Serbia
81%
Kosovo Serbia
81%
Greece Turkey
81%
Denmark Russia
79%
Croatia Serbia
79%
Russia Ukraine/United States
79%
Belgium Russia
78%
Latvia Russia
78%
Lithuania Russia
78%
Czech Republic Russia
77%
Ukraine Russia
77%
Norway Russia
76%
Belarus Poland
75%
Netherlands Russia
74%
France Algeria/Turkey
71%
Turkey Greece
71%
North Macedonia Greece
70%
Slovakia Russia
68%
Hungary Romania
66%
Slovenia Serbia
62%
Northern Cyprus Cyprus
59%
Poland Belarus
58%
Austria Turkey
58%
Romania Hungary
55%
Serbia Albania
53%
United Kingdom China
51%
Bulgaria North Macedonia
50%
Italy Libya
48%
Portugal China
45%
Spain Morocco
44%
Malta Libya
42%
Cyprus Northern Cyprus
40%
Sweden North Korea
29%
Vatican City Saudi Arabia
26%
Moldova Transnistria
21%
No matching quizzes found
Score Distribution
Percent of People with Each Score
Percentile by Number Answered
Your Score History
You have not taken this quiz